[Event "Guernsey Open"]
[Site "Guernsey GCI"]
[Date "2007.10.26"]
[Round "6"]
[White "Havenaar, Jan"]
[Black "Tunstall, George"]
[Result "1/2-1/2"]
[WhiteElo "2196"]
[BlackElo "1895"]
[PlyCount "40"]
[EventDate "2006.10.15"]
[SourceDate "2006.10.28"]

1. Nc3 c5 2. e4 Nc6 3. f4 g6 4. Nf3 Bg7 5. Bb5 e6 6. Bxc6 bxc6 7. O-O Ba6 8. d3
d5 9. f5 dxe4 10. fxe6 f5 11. Ng5 Nh6 12. Nf7 Nxf7 13. exf7+ Kf8 14. Re1 Bxc3
15. bxc3 Kxf7 16. c4 Re8 17. Be3 exd3 18. Qxd3 Qxd3 19. cxd3 Rad8 20. Bxc5 Rxd3
1/2-1/2

[Event "Guernsey Open"]
[Site "Guernsey GCI"]
[Date "2007.10.26"]
[Round "6"]
[White "Morcom, Huw C"]
[Black "Tan, HB."]
[Result "0-1"]
[WhiteElo "1978"]
[BlackElo "2086"]
[PlyCount "92"]
[EventDate "2006.10.15"]
[SourceDate "2006.10.28"]

1. e4 c5 2. Nf3 d6 3. d3 g6 4. g3 Bg7 5. Bg2 Nc6 6. O-O e5 7. Nbd2 Nge7 8. Re1
O-O 9. c3 Rb8 10. Qe2 b5 11. Nf1 b4 12. h4 bxc3 13. bxc3 Qa5 14. c4 f5 15. h5
fxe4 16. dxe4 Qa4 17. hxg6 Nxg6 18. Qd3 Nd4 19. Nxd4 cxd4 20. Qa3 Qxc4 21. Qxd6
Rb6 22. Qa3 Rbf6 23. f3 Ra6 24. Qb2 Be6 25. Nd2 Qc3 26. a3 Rc8 27. Qxc3 dxc3
28. Nf1 Bf8 29. f4 Bc5+ 30. Kh2 exf4 31. gxf4 Nh4 32. f5 Bc4 33. Ne3 Bd6+ 34.
Kh3 Nxg2 35. Rg1 Kf7 36. Rxg2 Bd3 37. Rg5 Be5 38. Rh5 c2 39. Ra2 Kg8 40. Rg5+
Kf8 41. Rh5 Kg8 42. Rg5+ Kh8 43. Nd5 Bc4 44. Rb2 Bxd5 45. exd5 Rxa3+ 46. Kg2
Ra1 0-1

[Event "Guernsey Open"]
[Site "Guernsey GCI"]
[Date "2007.10.26"]
[Round "6"]
[White "Van Ingen, Ton"]
[Black "De Kruif, Kees"]
[Result "1/2-1/2"]
[WhiteElo "1970"]
[BlackElo "2063"]
[PlyCount "73"]
[EventDate "2006.10.15"]
[SourceDate "2006.10.28"]

1. d4 Nf6 2. Nf3 e6 3. e3 c5 4. c4 cxd4 5. exd4 Be7 6. Nc3 O-O 7. Be2 d6 8. O-O
b6 9. Bf4 Bb7 10. b4 Nbd7 11. Qb3 Ne4 12. Rac1 Ng5 13. Nd2 Nh3+ 14. gxh3 Bg5
15. Bxd6 Bxd2 16. Rcd1 Qg5+ 17. Bg3 f5 18. d5 f4 19. Ne4 Qg6 20. Nxd2 fxg3 21.
hxg3 exd5 22. Bf3 Rf7 23. Bxd5 Bxd5 24. cxd5 Raf8 25. Rde1 Qh6 26. Ne4 Ne5 27.
Re3 Kh8 28. Qc3 Rf5 29. Nd2 Nd7 30. Kg2 Rxd5 31. Nf3 Rdf5 32. Qd3 R5f7 33. Nd4
Qd6 34. a3 Ne5 35. Qe4 Nc4 36. Rd3 Ne5 37. Rdd1 {
Remaining moves missing - 1/2-1/2, 60} 1/2-1/2

[Event "Guernsey Open"]
[Site "Guernsey GCI"]
[Date "2007.10.26"]
[Round "6"]
[White "Taylor, Geoffrey P"]
[Black "Reutimann, Hans Peter"]
[Result "1-0"]
[WhiteElo "2063"]
[BlackElo "1787"]
[PlyCount "93"]
[EventDate "2006.10.15"]
[SourceDate "2006.10.28"]

1. e4 e6 2. d4 d5 3. e5 c5 4. c3 Qb6 5. Nf3 Nc6 6. a3 Bd7 7. b4 cxd4 8. cxd4
Nge7 9. Nc3 Nf5 10. Na4 Qd8 11. Be3 g6 12. Bd3 Nxe3 13. fxe3 Bh6 14. Kf2 O-O
15. Re1 f6 16. b5 Ne7 17. Kg1 f5 18. Nc5 Rb8 19. a4 b6 20. Na6 Rc8 21. Qd2 g5
22. Qb4 g4 23. Nd2 Rf7 24. g3 Bf8 25. Qb2 h5 26. Kf2 Ng6 27. Rac1 Qg5 28. Nf1
h4 29. Kg1 Bh6 30. Qg2 Qe7 31. Qb2 Bf8 32. Rc3 Rxc3 33. Qxc3 hxg3 34. hxg3 Rh7
35. Re2 Qa3 36. Qxa3 Bxa3 37. Rc2 Nf8 38. Rc7 Be8 39. Kf2 Rxc7 40. Nxc7 Bd7 41.
Nd2 Bb4 42. Nb3 Bc8 43. Nc1 Kf7 44. Ne2 Ke7 45. Nf4 Kd7 46. Ncxe6 Nxe6 47. Bxf5
1-0

[Event "Guernsey Open"]
[Site "Guernsey GCI"]
[Date "2007.10.26"]
[Round "6"]
[White "Van Hoek, Wilhelmus J"]
[Black "Burton, Ron"]
[Result "0-1"]
[WhiteElo "1926"]
[BlackElo "2052"]
[PlyCount "28"]
[EventDate "2006.10.15"]
[SourceDate "2006.10.28"]

1. e4 g6 2. d4 Bg7 3. c3 Nf6 4. e5 Nd5 5. Bc4 Nb6 6. Bb3 O-O 7. Nf3 d5 8. exd6
exd6 9. O-O Bf5 10. Bg5 Qd7 11. Qd2 Nc6 12. Na3 Rae8 13. Bc2 Bg4 14. Ne1 Be2
0-1

[Event "Guernsey Open"]
[Site "Guernsey GCI"]
[Date "2007.10.26"]
[Round "6"]
[White "Jamieson, Ian"]
[Black "Downey, Keith A"]
[Result "1/2-1/2"]
[WhiteElo "2014"]
[BlackElo "1879"]
[PlyCount "48"]
[EventDate "2006.10.15"]
[SourceDate "2006.10.28"]

1. b3 e5 2. Bb2 Nc6 3. e3 d6 4. c4 Nf6 5. Nf3 g6 6. d4 Bg7 7. dxe5 Ng4 8. Nc3
Ngxe5 9. Be2 O-O 10. O-O a5 11. a3 h6 12. Qd2 Be6 13. Nd5 a4 14. b4 Nxf3+ 15.
Bxf3 Ne5 16. Be2 c6 17. f4 cxd5 18. cxd5 Bd7 19. fxe5 dxe5 20. Rac1 Qb6 21. Rc5
Qd6 22. Rc2 h5 23. e4 Kh7 24. Bc1 Kg8 1/2-1/2

[Event "Guernsey Open"]
[Site "Guernsey GCI"]
[Date "2007.10.26"]
[Round "6"]
[White "Fassaert, DJM."]
[Black "Forbes, Garry"]
[Result "1/2-1/2"]
[WhiteElo "2009"]
[BlackElo "1634"]
[PlyCount "41"]
[EventDate "2006.10.15"]
[SourceDate "2006.10.28"]

1. Nf3 g6 2. d4 Bg7 3. g3 d6 4. Bg2 Nf6 5. O-O O-O 6. b3 e5 7. dxe5 Ng4 8. Bb2
Nxe5 9. Nxe5 dxe5 10. c4 c6 11. Nc3 Qc7 {(=)} 12. e3 Rd8 13. Qe2 Bf5 14. Rfd1
Nd7 15. Rd2 Nf8 16. Rad1 Rxd2 17. Rxd2 Rd8 18. Qd1 Rxd2 19. Qxd2 Qd7 20. Qxd7
Nxd7 21. Be4 1/2-1/2

[Event "Guernsey Open"]
[Site "Guernsey GCI"]
[Date "2007.10.26"]
[Round "6"]
[White "Walker, Sam"]
[Black "Dennis, Nigel W"]
[Result "1/2-1/2"]
[WhiteElo "1945"]
[BlackElo "2005"]
[PlyCount "79"]
[EventDate "2006.10.15"]
[SourceDate "2006.10.28"]

1. c4 g6 2. g3 Bg7 3. Bg2 d6 4. Nc3 e5 5. e4 Ne7 6. Nge2 O-O 7. O-O Be6 8. d3
Qd7 9. Nd5 Nxd5 10. cxd5 Bh3 11. Qb3 Bxg2 12. Kxg2 c5 13. a4 b6 14. Bd2 f5 15.
f3 Qe7 16. a5 Nd7 17. axb6 axb6 18. Nc3 f4 19. g4 Rxa1 20. Rxa1 h5 21. h3 hxg4
22. hxg4 Nf6 23. Qd1 Nh5 24. gxh5 Qg5+ 25. Kf1 Qxh5 26. Be1 g5 27. Bf2 g4 28.
fxg4 Qh3+ 29. Ke2 Qxg4+ 30. Kd2 f3 31. Qg1 Bh6+ 32. Kc2 Qg2 33. Qxg2+ fxg2 34.
Bg1 Rf1 35. Rd1 Bg5 36. Nb1 Bh4 37. Nd2 Be1 38. Nf3 Bg3 39. Nh2 Be1 40. Nf3
1/2-1/2

[Event "Guernsey Open"]
[Site "Guernsey GCI"]
[Date "2007.10.26"]
[Round "6"]
[White "Gravett, Alan D"]
[Black "Lentjes, Noad"]
[Result "1-0"]
[WhiteElo "1961"]
[BlackElo "1884"]
[PlyCount "85"]
[EventDate "2006.10.15"]
[SourceDate "2006.10.28"]

1. g3 d5 2. Bg2 e5 3. Nf3 Nc6 4. O-O Nf6 5. d3 Be7 6. Nbd2 O-O 7. h3 Be6 8. e4
dxe4 9. dxe4 Ne8 10. Qe2 Qd7 11. Kh2 Rd8 12. Nb3 b5 13. Qxb5 Nd6 14. Qa4 Nc4
15. Nbd2 Nxd2 16. Bxd2 Qe8 17. Rad1 Bd7 18. c4 Bc5 19. Qc2 Nd4 20. Nxd4 Bxd4
21. Ba5 Rc8 22. c5 Bb5 23. Rfe1 Qc6 24. f4 f6 25. Bb4 Qa6 26. Bc3 Bxc3 27. Qxc3
exf4 28. gxf4 Rfd8 29. a4 Bxa4 30. Bf1 Qc6 31. Qc4+ Kh8 32. Ra1 Rd2+ 33. Kh1
Bc2 34. Rxa7 f5 35. Bg2 Rcd8 36. Ra6 Qb7 37. c6 Qxb2 38. Ra2 Qb3 39. Qxb3 Bxb3
40. Rxd2 Rxd2 41. e5 Kg8 42. Rb1 Rd3 43. Rxb3 1-0

[Event "Guernsey Open"]
[Site "Guernsey GCI"]
[Date "2007.10.26"]
[Round "6"]
[White "Heath, Jeffrey"]
[Black "Lazarus, Sam"]
[Result "1/2-1/2"]
[WhiteElo "1930"]
[BlackElo "1855"]
[PlyCount "81"]
[EventDate "2006.10.15"]
[SourceDate "2006.10.28"]

1. e4 c5 2. Nf3 d6 3. d4 cxd4 4. Nxd4 Nf6 5. Nc3 a6 6. Bc4 e6 7. O-O Nbd7 8.
Be3 b5 9. Bd3 Nc5 10. f3 Nxd3 11. cxd3 Bb7 12. Bf2 Be7 13. f4 d5 14. e5 Nd7 15.
Qg4 O-O 16. Qg3 Re8 17. a3 Bf8 18. b4 Rc8 19. Rac1 Nb8 20. f5 Kh8 21. Be3 Nc6
22. Nce2 Nxe5 23. Rxc8 Bxc8 24. fxe6 f6 25. Bf4 Ng6 26. Bc7 Qe7 27. Nf5 {(=)}
Qxe6 28. Ned4 Qf7 29. Bd6 Bxf5 30. Nxf5 Bxd6 31. Nxd6 Qa7+ 32. Kh1 Re6 33. Nf5
Re8 34. h4 Qd7 35. Qf2 Ne7 36. Nxg7 Kxg7 37. Qxf6+ Kg8 38. Qf7+ Kh8 39. Re1 Qc8
40. Rxe7 Rxe7 41. Qxe7 1/2-1/2

[Event "Guernsey Open"]
[Site "Guernsey GCI"]
[Date "2007.10.26"]
[Round "6"]
[White "Ryan, Julian"]
[Black "Rodrigues, D."]
[Result "1/2-1/2"]
[WhiteElo "1885"]
[BlackElo "1855"]
[PlyCount "52"]
[EventDate "2006.10.15"]
[SourceDate "2006.10.28"]

1. e4 e5 2. Bc4 Nf6 3. d3 Nc6 4. Nc3 Bb4 5. Nge2 d5 6. exd5 Nxd5 7. O-O Be6 8.
Ne4 f6 9. c3 Be7 10. N2g3 Qd7 11. Nh5 O-O 12. f3 Rad8 13. Qc2 Nb6 14. Bxe6+
Qxe6 15. f4 Qd5 16. fxe5 fxe5 17. Rd1 Bc5+ 18. Nxc5 Qxc5+ 19. Kh1 e4 20. Ng3
exd3 21. Rxd3 Rxd3 22. Qxd3 Rd8 23. Qe2 Qe5 24. Be3 Re8 25. Re1 Qa5 26. a3 Qa6
1/2-1/2

[Event "Guernsey Open"]
[Site "Guernsey GCI"]
[Date "2007.10.26"]
[Round "6"]
[White "Nicholson, J."]
[Black "Cummins, John"]
[Result "1/2-1/2"]
[WhiteElo "1910"]
[BlackElo "1935"]
[PlyCount "55"]
[EventDate "2006.10.15"]
[SourceDate "2006.10.28"]

1. e4 c5 2. Nf3 e6 3. c3 Nc6 4. d4 cxd4 5. cxd4 d6 6. Nc3 Be7 7. Be3 a6 8. Bd3
Nf6 9. h3 Bd7 10. O-O O-O 11. e5 Nd5 12. Re1 Rc8 13. exd6 Bf6 14. Ne4 Nxe3 15.
Rxe3 Bxd4 16. Nxd4 Nxd4 17. Rg3 Nf5 18. Qh5 h6 19. Rf3 Bc6 20. Rxf5 exf5 21.
Qxf5 Bxe4 22. Bxe4 g6 23. Qd5 Kg7 24. Rd1 b6 25. f4 Rc5 26. Qd3 a5 27. f5 Re8
28. fxg6 1/2-1/2

[Event "Guernsey Open"]
[Site "Guernsey GCI"]
[Date "2007.10.27"]
[Round "7"]
[White "Bellin, Robert"]
[Black "Hillarp Persson, Tiger"]
[Result "0-1"]
[WhiteElo "2400"]
[BlackElo "2567"]
[PlyCount "42"]
[EventDate "2006.10.15"]
[SourceDate "2006.10.28"]

1. e4 c5 2. Nf3 d6 3. d4 cxd4 4. Nxd4 Nf6 5. Nc3 a6 6. Be3 e6 7. g4 e5 8. Nf5
h5 9. Bg5 hxg4 10. Bxf6 Qxf6 11. Qxg4 Be6 12. Qf3 Nd7 13. Be2 g6 14. Ne3 Qxf3
15. Bxf3 Bh6 16. Ncd5 Rc8 17. c3 Bxe3 18. Nxe3 Rh4 19. O-O Ke7 20. Rfe1 Nf6 21.
a3 Rch8 0-1

[Event "Guernsey Open"]
[Site "Guernsey GCI"]
[Date "2007.10.27"]
[Round "7"]
[White "Epishin, Vladimir"]
[Black "Cornelisse, Johnny JA"]
[Result "1-0"]
[WhiteElo "2578"]
[BlackElo "2187"]
[PlyCount "55"]
[EventDate "2006.10.15"]
[SourceDate "2006.10.28"]

1. d4 Nf6 2. c4 g6 3. Nc3 Bg7 4. Nf3 O-O 5. e4 d6 6. Be2 e5 7. O-O Nc6 8. d5
Ne7 9. b4 Nh5 10. Qc2 Nf4 11. Bxf4 exf4 12. Rad1 h6 13. Nd4 a5 14. b5 g5 15.
Bh5 Ng6 16. Bxg6 fxg6 17. e5 Bf5 18. Nxf5 gxf5 19. e6 g4 20. Rd3 Qg5 21. Qd2
Be5 22. Re1 Rae8 23. b6 cxb6 24. Na4 b5 25. Nb6 Qd8 26. c5 dxc5 27. Rxe5 Qxb6
28. e7 1-0

[Event "Guernsey Open"]
[Site "Guernsey GCI"]
[Date "2007.10.27"]
[Round "7"]
[White "Reijneveld, Ad"]
[Black "Ravikumar, Vaidyanathan"]
[Result "1/2-1/2"]
[WhiteElo "2175"]
[BlackElo "2350"]
[PlyCount "54"]
[EventDate "2006.10.15"]
[SourceDate "2006.10.28"]

1. e4 c5 2. Nf3 e6 3. d4 cxd4 4. Nxd4 a6 5. Bd3 Nf6 6. Nc3 d6 7. f4 Nbd7 8. Qe2
Qc7 9. Nf3 Nc5 10. O-O Be7 11. Bd2 O-O 12. b4 Nxd3 13. cxd3 Bd7 14. Rac1 Qb6+
15. Kh1 Rfc8 16. a4 Bf8 17. a5 Qd8 18. Nd4 Rc7 19. Be3 Rac8 20. Qb2 Ng4 21. Bg1
Qf6 22. h3 Qh6 23. Nce2 g6 24. Rxc7 Rxc7 25. Rc1 Rxc1 26. Qxc1 e5 27. Qc7 Ba4
1/2-1/2

[Event "Guernsey Open"]
[Site "Guernsey GCI"]
[Date "2007.10.27"]
[Round "7"]
[White "Van der Linde, M."]
[Black "Broek, Thomas"]
[Result "1-0"]
[WhiteElo "2192"]
[BlackElo "2202"]
[PlyCount "95"]
[EventDate "2006.10.15"]
[SourceDate "2006.10.28"]

1. e4 c5 2. Nf3 Nc6 3. c3 d5 4. exd5 Qxd5 5. d4 Nf6 6. Be3 cxd4 7. cxd4 e5 8.
Nc3 Bb4 9. dxe5 Qxd1+ 10. Rxd1 Ne4 11. Bd2 Nxd2 12. Rxd2 Bg4 13. Bb5 Rc8 14.
O-O O-O 15. Re1 Na5 16. Bd7 Bxd7 17. Rxd7 Bxc3 18. bxc3 Rxc3 19. h3 Rfc8 20. e6
fxe6 21. Rxe6 R3c7 22. Rxc7 Rxc7 23. Ng5 Rc8 24. Re7 h6 25. Ne6 g5 26. h4 Rc1+
27. Kh2 Rc2 28. hxg5 hxg5 29. Rg7+ Kh8 30. Rxg5 Rxa2 31. f4 Nc6 32. f5 Rf2 33.
Kg3 Rf1 34. Nf4 Nd4 35. f6 Ne2+ 36. Nxe2 Rxf6 37. Nf4 a6 38. Rc5 b5 39. Kg4 Rf7
40. Rc6 Ra7 41. Rb6 Rg7+ 42. Kf5 Rf7+ 43. Kg5 Rg7+ 44. Kf6 Rg3 45. Rxa6 b4 46.
Ra7 Kg8 47. Ng6 Rxg2 48. Rg7# 1-0

[Event "Guernsey Open"]
[Site "Guernsey GCI"]
[Date "2007.10.27"]
[Round "7"]
[White "Van Onzen, Jeroen"]
[Black "Bolt, Graham"]
[Result "0-1"]
[WhiteElo "1988"]
[BlackElo "2097"]
[PlyCount "62"]
[EventDate "2006.10.15"]
[SourceDate "2006.10.28"]

1. e4 c5 2. d4 cxd4 3. c3 Nf6 4. e5 Nd5 5. Nf3 e6 6. Nxd4 Nc6 7. Nxc6 bxc6 8.
Nd2 Qc7 9. Nf3 Be7 10. Bd3 c5 11. O-O a5 12. Re1 Bb7 13. Rb1 c4 14. Be4 a4 15.
Qc2 h6 16. Bd2 O-O 17. Nd4 Rfb8 18. Qc1 Bf8 19. Qd1 Qd8 20. Qf3 g6 21. Qh3 h5
22. Qg3 Ne7 23. Bc2 Bd5 24. Bg5 Qe8 25. a3 Bg7 26. Bf6 Qf8 27. Ne2 Nf5 28. Bxf5
exf5 29. Rbd1 Be6 30. Rd2 Ra6 31. Qg5 Bh6 0-1

[Event "Guernsey Open"]
[Site "Guernsey GCI"]
[Date "2007.10.27"]
[Round "7"]
[White "Lewyk, Ivor"]
[Black "Kamps, JW."]
[Result "1/2-1/2"]
[WhiteElo "2105"]
[BlackElo "2077"]
[PlyCount "28"]
[EventDate "2006.10.15"]
[SourceDate "2006.10.28"]

1. Nf3 Nf6 2. d4 d6 3. g3 c6 4. Bg2 Nbd7 5. O-O e5 6. dxe5 dxe5 7. b3 Bc5 8. e3
O-O 9. Bb2 Qc7 10. c4 Re8 11. Nc3 Nb6 12. Qc2 Bf8 13. Ng5 h6 14. Nf3 a5 1/2-1/2

[Event "Guernsey Open"]
[Site "Guernsey GCI"]
[Date "2007.10.27"]
[Round "7"]
[White "Von Saldern, Ruediger"]
[Black "Prins, Jan"]
[Result "0-1"]
[WhiteElo "2048"]
[BlackElo "2090"]
[PlyCount "68"]
[EventDate "2006.10.15"]
[SourceDate "2006.10.28"]

1. d4 d5 2. Nf3 c6 3. c4 Nf6 4. Nc3 g6 5. Bg5 Bg7 6. e3 O-O 7. Be2 Be6 8. Bxf6
Bxf6 9. Qb3 b6 10. O-O a5 11. cxd5 cxd5 12. Rac1 h5 13. Nb5 Na6 14. Rc3 Qd7 15.
Rfc1 Rfb8 16. a3 h4 17. Bd3 h3 18. Qc2 hxg2 19. Nc7 Nxc7 20. Rxc7 Qd6 21. Bxg6
Kg7 22. Bd3 Bg4 23. Kxg2 Rh8 24. Bf5 Bxf3+ 25. Kxf3 Qxh2 26. Bg4 Rh4 27. Qf5
Rah8 28. Qf4 R8h6 29. Qxh2 Rxh2 30. Bf5 Bh4 31. R1c2 Rf6 32. Kg4 e6 33. Bd3
Bxf2 34. Re2 Rg2+ 0-1

[Event "Guernsey Open"]
[Site "Guernsey GCI"]
[Date "2007.10.27"]
[Round "7"]
[White "Galliano, Alex"]
[Black "Khamroev, Ravshah"]
[Result "1/2-1/2"]
[WhiteElo "2012"]
[BlackElo "2083"]
[PlyCount "79"]
[EventDate "2006.10.15"]
[SourceDate "2006.10.28"]

1. e4 d5 2. exd5 Qxd5 3. Nc3 Qa5 4. d4 Nf6 5. Bd2 Qb6 6. Nf3 Bg4 7. Bc4 Nbd7 8.
O-O c6 9. Na4 Qc7 10. Ng5 e6 11. f3 h6 12. Nxf7 Kxf7 13. fxg4 b5 14. Bxe6+ Kxe6
15. Qe2+ Kf7 16. Rae1 Qd6 17. Kh1 Kg8 18. Bf4 Qd5 19. Nc3 Qc4 20. Qxc4+ bxc4
21. h3 {(=)} Bb4 22. Bd2 Bxc3 23. Bxc3 Kh7 24. Re6 Rac8 25. Rf5 Rhe8 26. Rxe8
Nxe8 27. Kg1 Nef6 28. Ra5 Rc7 29. Ra6 Nd5 30. Ba5 N7b6 31. Bxb6 axb6 32. c3 Re7
33. Kf2 Rf7+ 34. Ke2 Nf4+ 35. Kd2 Rb7 36. Ra4 b5 37. Ra6 Re7 38. g3 Nxh3 39.
Rxc6 Ng5 40. Rb6 1/2-1/2

[Event "Guernsey Open"]
[Site "Guernsey GCI"]
[Date "2007.10.27"]
[Round "7"]
[White "Hamperl, Fred A"]
[Black "Twitchell, David"]
[Result "1-0"]
[WhiteElo "2077"]
[BlackElo "1982"]
[PlyCount "65"]
[EventDate "2006.10.15"]
[SourceDate "2006.10.28"]

1. e4 e5 2. Nf3 Nc6 3. d4 exd4 4. Nxd4 Bc5 5. Be3 Qf6 6. c3 d6 7. Bc4 Nge7 8.
O-O Ne5 9. Be2 O-O 10. f4 N5g6 11. Qd3 Nc6 12. Nd2 a6 13. Rae1 Bd7 14. e5 dxe5
15. Ne4 Qe7 16. Nxc5 exd4 17. Bxd4 Nxd4 18. Qxd4 Bc6 19. Bf3 Qh4 20. g3 Qh3 21.
Bxc6 bxc6 22. f5 Nh8 23. Re4 Rad8 24. Qe3 Qh6 25. Qxh6 gxh6 26. Rg4+ Ng6 27.
fxg6 hxg6 28. Nxa6 Ra8 29. Ra4 Rfd8 30. Nc5 Rab8 31. Rb4 Ra8 32. a3 Ra5 33. Nb7
1-0

[Event "Guernsey Open"]
[Site "Guernsey GCI"]
[Date "2007.10.27"]
[Round "7"]
[White "Spanton, Timothy R"]
[Black "Rowe, Peter"]
[Result "1/2-1/2"]
[WhiteElo "1985"]
[BlackElo "2046"]
[PlyCount "65"]
[EventDate "2006.10.15"]
[SourceDate "2006.10.28"]

1. e4 d6 2. c4 Nf6 3. Nc3 e5 4. Nge2 Be7 5. g3 Nbd7 6. Bg2 Nc5 7. d3 a5 8. O-O
O-O 9. f4 Ne8 10. f5 Bg5 11. g4 Bxc1 12. Rxc1 Qg5 13. Rf3 c6 14. Rg3 Rb8 15.
Kh1 b5 16. cxb5 cxb5 17. Ng1 b4 18. Nh3 Qd8 19. Nd5 Bb7 20. g5 Bxd5 21. exd5 f6
22. Be4 Rc8 23. Qd2 Nxe4 24. dxe4 Rxc1+ 25. Qxc1 fxg5 26. Nxg5 Qc7 27. Qg1 Qc4
28. b3 Qc2 29. Rg2 Qd3 30. Qe1 h6 31. Ne6 Rf7 32. Qh4 Qd1+ 33. Rg1 1/2-1/2

[Event "Guernsey Open"]
[Site "Guernsey GCI"]
[Date "2007.10.27"]
[Round "7"]
[White "Adair, James"]
[Black "Williams, Peter A"]
[Result "1-0"]
[WhiteElo "2044"]
[BlackElo "1816"]
[PlyCount "49"]
[EventDate "2006.10.15"]
[SourceDate "2006.10.28"]

1. e4 e6 2. d4 d5 3. Nc3 Bb4 4. e5 c5 5. Bd2 Ne7 6. Nb5 Bxd2+ 7. Qxd2 O-O 8. f4
cxd4 9. Nf3 Nbc6 10. Nbxd4 Nxd4 11. Nxd4 Nc6 12. Nf3 Qb6 13. O-O-O Bd7 14. Bd3
h6 15. g4 Nb4 16. Kb1 Nxd3 17. Qxd3 Bb5 18. Qd2 Rfc8 19. f5 Kh7 20. Rhg1 a5 21.
Rg3 Rg8 22. Ng5+ Kh8 23. Nxf7+ Kh7 24. Ng5+ Kh8 25. Nxe6 1-0

[Event "Guernsey Open"]
[Site "Guernsey GCI"]
[Date "2007.10.27"]
[Round "7"]
[White "Burton, Ron"]
[Black "Lohou, Stephane"]
[Result "1/2-1/2"]
[WhiteElo "2052"]
[BlackElo "2161"]
[PlyCount "105"]
[EventDate "2006.10.15"]
[SourceDate "2006.10.28"]

1. d4 Nf6 2. Nf3 g6 3. b3 Bg7 4. Bb2 O-O 5. Nbd2 d5 6. e3 b6 7. Bd3 Bb7 8. O-O
{(=)} Nbd7 9. c4 c5 10. Rc1 Re8 11. cxd5 Nxd5 12. Bc4 a6 13. Bxd5 Bxd5 14. Re1
b5 15. Ba1 cxd4 16. e4 Bb7 17. Nxd4 Qb6 18. N4f3 Bxa1 19. Rxa1 Nc5 20. Re3 Red8
21. Qe2 Ne6 22. Re1 Nf4 23. Qf1 Rac8 24. g3 Ne6 25. Rc1 Qa5 26. Rxc8 Bxc8 27.
Rd3 Rxd3 28. Qxd3 Qxa2 29. Qd5 Qc2 30. Qa8 Qc7 31. Qd5 Bb7 32. Qd3 Nc5 33. Qe3
Qd6 34. h4 h5 35. Kh2 a5 36. Ng5 Ne6 37. Nxe6 Qxe6 38. Qa7 Qa6 39. Qb8+ Kg7 40.
Qe5+ Qf6 41. Qc5 Bc6 42. Kg2 a4 43. bxa4 bxa4 44. Qb4 Qd6 45. Qc3+ Kg8 46. f3
Bb5 47. Qc8+ Kh7 48. Qc3 e5 49. f4 exf4 50. gxf4 Qxf4 51. Qb4 Bd7 52. Nf3 Kg7
53. Qd4+ 1/2-1/2

[Event "Guernsey Open"]
[Site "Guernsey GCI"]
[Date "2007.10.27"]
[Round "7"]
[White "Collier, David O"]
[Black "Taylor, Geoffrey P"]
[Result "1/2-1/2"]
[WhiteElo "2131"]
[BlackElo "2063"]
[PlyCount "67"]
[EventDate "2006.10.15"]
[SourceDate "2006.10.28"]

1. e4 c5 2. c3 d5 3. exd5 Qxd5 4. d4 Nc6 5. Nf3 e6 6. Be2 cxd4 7. cxd4 Nf6 8.
Nc3 Qd6 9. O-O Be7 10. a3 b6 11. Nb5 Qd8 12. Ne5 Nxe5 13. dxe5 Nd5 14. Qb3 a6
15. Nd4 Bb7 16. Qg3 Kf8 17. Rd1 Rc8 18. Bh5 Qd7 19. Qf3 Bc5 20. Nb3 Qe7 21. Bg5
Qe8 22. Rac1 h6 23. Nxc5 bxc5 24. Bd2 Kg8 25. Qd3 g6 26. Bf3 Kg7 27. Rc4 Qb5
28. Qc2 a5 29. Ra4 Ra8 30. Rc1 Rhd8 31. Rc4 Rac8 32. Ra4 Ra8 33. Rc4 Rac8 34.
Ra4 1/2-1/2

[Event "Guernsey Open"]
[Site "Guernsey GCI"]
[Date "2007.10.27"]
[Round "7"]
[White "Westerkamp, Bert"]
[Black "Salimbeni, George"]
[Result "1/2-1/2"]
[WhiteElo "2093"]
[BlackElo "2060"]
[PlyCount "90"]
[EventDate "2006.10.15"]
[SourceDate "2006.10.28"]

1. d4 Nf6 2. Nf3 g6 3. Bg5 Bg7 4. e3 O-O 5. Nbd2 d5 6. c4 Ne4 7. Bf4 c5 8. cxd5
Nxd2 9. Qxd2 cxd4 10. e4 e6 11. Bc4 Re8 12. O-O e5 13. Bg3 Nd7 14. Rac1 Nb6 15.
Bb5 Bd7 16. Bh4 f6 17. Bd3 g5 18. Bg3 Bg4 19. Ne1 Qd7 20. f3 Bh5 21. Qb4 Bf8
22. Qb3 Red8 23. Bb5 Qg7 24. Nd3 Rac8 25. a4 Bd6 26. a5 Nd7 27. Bxd7 Qxd7 28.
Rf2 Rxc1+ 29. Nxc1 Be8 30. Rc2 Qa4 31. Rc4 Qxb3 32. Nxb3 Bb5 33. Rc1 Bb4 34.
Be1 Bxe1 35. Rxe1 Rc8 36. Rc1 Rxc1+ 37. Nxc1 Kf7 38. Kf2 Ke7 39. b4 Kd6 40. Nb3
b6 41. g3 Ba4 42. Nd2 Bb5 43. Nb3 Ba4 44. Nd2 Bb5 45. Nb3 Ba4 1/2-1/2

[Event "Guernsey Open"]
[Site "Guernsey GCI"]
[Date "2007.10.27"]
[Round "7"]
[White "Ippel, Cornelius J"]
[Black "Thurlow, Kevin J"]
[Result "1-0"]
[WhiteElo "2042"]
[BlackElo "2091"]
[PlyCount "65"]
[EventDate "2006.10.15"]
[SourceDate "2006.10.28"]

1. Nc3 d5 2. e4 d4 3. Nce2 e5 4. Nf3 Bd6 5. Ng3 Nf6 6. Bc4 O-O 7. d3 c5 8. a3
b5 9. Ba2 Be6 10. Bg5 h6 11. Bd2 Nc6 12. Qc1 Bxa2 13. Rxa2 Kh7 14. Nf5 Ne7 15.
N3h4 Nfg8 16. O-O a5 17. g3 Ra6 18. f4 exf4 19. Nxd6 Qxd6 20. Bxf4 Qe6 21. Ra1
Qg4 22. Nf3 Ng6 23. Bd2 f5 24. Qd1 fxe4 25. Ng5+ Qxg5 26. Bxg5 hxg5 27. Qh5+
Nh6 28. Rxf8 Nxf8 29. dxe4 Ne6 30. Qe2 Rb6 31. e5 g6 32. Rf1 Nf5 33. Qe4 1-0

[Event "Guernsey Open"]
[Site "Guernsey GCI"]
[Date "2007.10.27"]
[Round "7"]
[White "Brookfield, Toby"]
[Black "Robinson, Tom"]
[Result "0-1"]
[WhiteElo "1709"]
[BlackElo "2090"]
[PlyCount "46"]
[EventDate "2006.10.15"]
[SourceDate "2006.10.28"]

1. e4 e6 2. e5 d5 3. exd6 cxd6 4. d4 d5 5. Nf3 Nf6 6. Bd3 Nc6 7. O-O Bd6 8. Bg5
h6 9. Bh4 g5 10. Bg3 Bxg3 11. fxg3 Qb6 12. c3 Qxb2 13. Ne5 Nxe5 14. dxe5 Nd7
15. Qf3 Rf8 16. Nd2 Qxd2 17. Bb5 a6 18. Rf2 g4 19. Qxg4 Qxc3 20. Raf1 axb5 21.
Rxf7 Qc5+ 22. R7f2 Rxa2 23. Qxe6+ Kd8 0-1

[Event "Guernsey Open"]
[Site "Guernsey GCI"]
[Date "2007.10.27"]
[Round "7"]
[White "Pickersgill, Adrian"]
[Black "Goris, AA."]
[Result "1/2-1/2"]
[WhiteElo "2088"]
[BlackElo "2056"]
[PlyCount "37"]
[EventDate "2006.10.15"]
[SourceDate "2006.10.28"]

1. e4 e6 2. d4 d5 3. Nd2 c5 4. exd5 Qxd5 5. Ngf3 cxd4 6. Bc4 Qd6 7. O-O Nf6 8.
Nb3 Nc6 9. Nbxd4 Nxd4 10. Qxd4 Qxd4 11. Nxd4 a6 12. Bf4 b5 13. Bb3 Bb7 14. a4
Bc5 15. Rad1 Rd8 16. c3 b4 17. Ne2 Ke7 18. cxb4 Bxb4 19. Rxd8 1/2-1/2

[Event "Guernsey Open"]
[Site "Guernsey GCI"]
[Date "2007.10.27"]
[Round "7"]
[White "Tan, HB."]
[Black "Guttridge, David"]
[Result "0-1"]
[WhiteElo "2086"]
[BlackElo "2001"]
[PlyCount "40"]
[EventDate "2006.10.15"]
[SourceDate "2006.10.28"]

1. e4 e6 2. d4 d5 3. e5 c5 4. c3 Nc6 5. Nf3 Bd7 6. Bd3 cxd4 7. cxd4 Qb6 8. O-O
Nxd4 9. Nxd4 Qxd4 10. Nc3 a6 11. Qe2 Qb6 12. Rb1 Ne7 13. b4 Qc7 14. Rb3 Nc6 15.
b5 Nd4 16. Qb2 Nxb3 17. Qxb3 d4 18. Na4 Bxb5 19. Bxb5+ axb5 20. Qxb5+ Qc6 0-1

[Event "Guernsey Open"]
[Site "Guernsey GCI"]
[Date "2007.10.27"]
[Round "7"]
[White "Bucher, Grant"]
[Black "Minnican, Alan William"]
[Result "1-0"]
[WhiteElo "1904"]
[BlackElo "2110"]
[PlyCount "53"]
[EventDate "2006.10.15"]
[SourceDate "2006.10.28"]

1. e4 c5 2. Nf3 Nc6 3. d4 cxd4 4. Nxd4 e5 5. Nb5 a6 6. Nd6+ Bxd6 7. Qxd6 Qf6 8.
Qxf6 Nxf6 9. Nc3 Nb4 10. Bd3 d5 11. exd5 Nxd3+ 12. cxd3 Bf5 13. O-O O-O-O 14.
Bg5 Bxd3 15. Rfe1 h6 16. Bh4 Rhe8 17. Rad1 Bf5 18. Bg3 e4 19. Na4 Kd7 20. Nc5+
Ke7 21. d6+ Kf8 22. Nxb7 Rc8 23. d7 Bxd7 24. Nd6 Rc2 25. Nxe8 Bxe8 26. Bd6+ Kg8
27. Be5 1-0